[Event "3rd Manaus Open 2024"]
[Site "Manaus"]
[Date "2024.10.12"]
[Round "1"]
[White "Do Valle Cardoso, Lucas"]
[Black "Da Vasconcelos, Ivan Azevedo"]
[Result "1-0"]
[WhiteElo "2375"]
[BlackElo "1741"]
[Annotator "RC"]
[PlyCount "23"]
[EventDate "2024.10.05"]
[EventType "swiss"]
[EventCountry "BRA"]
[SourceTitle "playchess.com"]
[Source "ChessBase"]
[SourceQuality "1"]

1. e4 e5 2. Nf3 Nc6 3. d4 exd4 4. Bc4 d6 5. Nxd4 Ne5 6. Be2 Nf6 7. Nc3 Be7 8. O-O O-O 9. f4 Ned7 10. g4 Nc5 11. Bf3 h6 12. h4 1-0

[Event "3rd Manaus Open 2024"]
[Site "Manaus"]
[Date "2024.10.12"]
[Round "1"]
[White "Hoffman, Alejandro"]
[Black "Brandalise, Ricardo"]
[Result "1-0"]
[WhiteElo "2356"]
[BlackElo "1727"]
[Annotator "RC"]
[PlyCount "87"]
[EventDate "2024.10.05"]
[EventType "swiss"]
[EventCountry "BRA"]
[SourceTitle "playchess.com"]
[Source "ChessBase"]
[SourceQuality "1"]

1. d4 d5 2. c4 c6 3. Nf3 Nf6 4. e3 Bf5 5. Nc3 h6 6. cxd5 cxd5 7. Qb3 Bd7 8. Qxb7 Nc6 9. Ne5 Qc8 10. Ba6 Nxe5 11. dxe5 Qxb7 12. Bxb7 Rb8 13. Ba6 Ng4 14. f4 h5 15. h3 Nh6 16. Nxd5 Bc6 17. e4 e6 18. Nc3 Bb4 19. Bd3 O-O 20. Ke2 Ba5 21. Rb1 f5 22. exf6 gxf6 23. Be3 f5 24. Bxa7 Rb7 25. Be3 Rfb8 26. Nd1 fxe4 27. Bc4 Bd5 28. Bxd5 exd5 29. g4 hxg4 30. hxg4 Nxg4 31. Rg1 Rg7 32. Bd4 Bb6 33. Bxb6 Rxb6 34. Ne3 Nf6 35. Rg5 d4 36. Rxg7+ Kxg7 37. Nf5+ Kf7 38. Nxd4 Rb4 39. Nc2 Ra4 40. a3 Nd5 41. Rf1 Ra8 42. Ne3 Nf6 43. Rc1 Rh8 44. Rc2 1-0

[Event "3rd Manaus Open 2024"]
[Site "Manaus"]
[Date "2024.10.12"]
[Round "1"]
[White "Filgueiras, Nathan Felipe"]
[Black "Alvarenga, Rogerio Almeida"]
[Result "1-0"]
[WhiteElo "2343"]
[BlackElo "1725"]
[Annotator "RC"]
[PlyCount "97"]
[EventDate "2024.10.05"]
[EventType "swiss"]
[EventCountry "BRA"]
[SourceTitle "playchess.com"]
[Source "ChessBase"]
[SourceQuality "1"]
[TimeControl "5400+30"]

1. e4 c6 2. c4 d5 3. exd5 cxd5 4. cxd5 Nf6 5. Qa4+ Nbd7 6. Nc3 g6 7. Nf3 Bg7 8. Bc4 O-O 9. Qb3 Nb6 10. d3 Bf5 11. O-O Nfd7 12. Be3 Rc8 13. Nb5 a6 14. Nbd4 Nc5 15. Qa3 Nxc4 16. dxc4 Bd7 17. Rac1 Ne4 18. Rfe1 Nf6 19. Bd2 Re8 20. Ba5 b6 21. Bd2 a5 22. Ne5 Ng4 23. Bf4 Nxe5 24. Bxe5 Bh6 25. Rc2 Rc5 26. Qg3 Qa8 27. b3 b5 28. Qh4 Bf8 29. Nf3 f6 30. Ba1 bxc4 31. bxc4 Bf5 32. Rc3 Qc8 33. Nd4 Bd7 34. Nb3 g5 35. Qd4 Rc7 36. Rcc1 a4 37. Nd2 Qa6 38. Ne4 Rec8 39. c5 Bf5 40. d6 exd6 41. Nxf6+ Kf7 42. Qd5+ Kg6 43. g4 Bd7 44. Qg8+ Bg7 45. Qxh7+ Kf7 46. Re7+ Kxe7 47. Qxg7+ Kd8 48. Qf8+ Be8 49. Qxe8# 1-0

[Event "3rd Manaus Open 2024"]
[Site "Manaus"]
[Date "2024.10.12"]
[Round "1"]
[White "Andrade, Joao Vitor L De Souz"]
[Black "Molina, Roberto Junio Brito"]
[Result "0-1"]
[WhiteElo "1746"]
[BlackElo "2381"]
[Annotator "RC"]
[PlyCount "78"]
[EventDate "2024.10.05"]
[EventType "swiss"]
[EventCountry "BRA"]
[SourceTitle "playchess.com"]
[Source "ChessBase"]
[SourceQuality "1"]

1. e4 c5 2. Nf3 e6 3. d4 cxd4 4. Nxd4 Nc6 5. Be2 Nf6 6. f3 Qc7 7. Nc3 a6 8. a3 Be7 9. Be3 O-O 10. g4 b5 11. Qd2 Rd8 12. O-O-O Bb7 13. g5 Ne8 14. h4 b4 15. axb4 Bxb4 16. f4 Na5 17. Bd3 Nc4 18. Bxc4 Qxc4 19. Qd3 Rdc8 20. Bd2 Nd6 21. Rhe1 Qc7 22. e5 Nc4 23. Nb1 Nxd2 24. Nxd2 Bd5 25. c3 Qa5 26. Ne4 Bxe4 27. Rxe4 Bxc3 28. Nb3 Qa2 29. bxc3 Qxb3 30. Kd2 Rab8 31. Rc1 a5 32. Rc2 a4 33. Re2 a3 34. Ke1 Qa4 35. Qd2 Rc4 36. Rf2 Rb1+ 37. Ke2 Qc6 38. Rf3 Qe4+ 39. Kf2 Qxc2 0-1

[Event "3rd Manaus Open 2024"]
[Site "Manaus"]
[Date "2024.10.12"]
[Round "1"]
[White "De Oliveira, Tiago Augusto Adami"]
[Black "Matsuura, Everaldo"]
[Result "0-1"]
[WhiteElo "1741"]
[BlackElo "2357"]
[Annotator "RC"]
[PlyCount "42"]
[EventDate "2024.10.05"]
[EventType "swiss"]
[EventCountry "BRA"]
[SourceTitle "playchess.com"]
[Source "ChessBase"]
[SourceQuality "1"]

1. d4 Nf6 2. c4 e6 3. Nf3 c5 4. e3 d5 5. Nc3 Nc6 6. cxd5 exd5 7. Be2 c4 8. O-O Bb4 9. Qc2 O-O 10. Bd2 Re8 11. b3 Bxc3 12. Bxc3 b5 13. bxc4 bxc4 14. h3 Ne4 15. Rfc1 Bf5 16. Qa4 Re6 17. Kf1 Rb8 18. Qa3 Qf6 19. Bxc4 Bxh3 20. Bxd5 Qxf3 21. gxh3 Qxf2# 0-1

[Event "3rd Manaus Open 2024"]
[Site "Manaus"]
[Date "2024.10.12"]
[Round "1"]
[White "Rodrigues Franca, Carlos Alberto"]
[Black "Perdomo, Leandro"]
[Result "0-1"]
[WhiteElo "1725"]
[BlackElo "2356"]
[Annotator "RC"]
[PlyCount "86"]
[EventDate "2024.10.05"]
[EventType "swiss"]
[EventCountry "BRA"]
[SourceTitle "playchess.com"]
[Source "ChessBase"]
[SourceQuality "1"]

1. d4 Nf6 2. c4 g6 3. Nc3 Bg7 4. e4 d6 5. Nf3 O-O 6. Be2 e5 7. dxe5 dxe5 8. Qxd8 Rxd8 9. Bg5 c6 10. O-O Re8 11. Rfd1 Na6 12. Rd6 Be6 13. Rad1 h6 14. Bc1 Nc5 15. Nxe5 Nfxe4 16. Nxe4 Nxe4 17. R6d4 Nxf2 18. Kxf2 Bxe5 19. Re4 Bf5 20. Rh4 Bg7 21. c5 Re5 22. Rc4 Be6 23. Rb4 a5 24. Rxb7 Rxe2+ 25. Kxe2 Bg4+ 26. Ke1 Re8+ 27. Be3 Bxd1 28. Kxd1 Rxe3 29. Rc7 Bf8 30. Rxc6 Re5 31. Kc2 Rxc5+ 32. Rxc5 Bxc5 33. Kc3 f5 34. Kc4 Bd6 35. h3 Kf7 36. a3 Ke6 37. b4 axb4 38. axb4 Ke5 39. b5 Kf4 40. Kd5 Bb8 41. Ke6 Kg3 42. Kf6 Kxg2 43. Kxg6 f4 0-1

[Event "3rd Manaus Open 2024"]
[Site "Manaus"]
[Date "2024.10.12"]
[Round "1.1"]
[White "Silva e Costa, Alan Roberto da"]
[Black "Leitao, Rafael"]
[Result "0-1"]
[WhiteElo "1796"]
[BlackElo "2592"]
[Annotator "TA"]
[PlyCount "52"]
[EventDate "2024.10.05"]
[EventType "swiss"]
[EventCountry "BRA"]
[SourceTitle "playchess.com"]
[Source "ChessBase"]
[SourceQuality "1"]
[TimeControl "5400+30"]

{[%evp 9,52,0,12,-8,-26,-8,-3,-50,-25,-63,-49,-56,-69,-107,-94,-149,-142,-129,-132,-135,-118,-159,-160,-164,-168,-262,-129,-179,-187,-390,-389,-393,-424,-408,-403,-470,-441,-479,-446,-518,-535,-532,-512,-723,-700]} 1. d4 {[%emt 0:00:11]} Nf6 {[%emt 0:00:07]} 2. e3 {[%emt 0:00:24]} g6 {[%emt 0:00:17]} 3. Nf3 {[%emt 0:00:24]} Bg7 {[%emt 0:00:07]} 4. Bd3 {[%emt 0:00:08]} O-O {[%emt 0:00:11]} 5. O-O {[%emt 0:00:16]} d5 {[%emt 0:01:03][%cal Oc7c5]} 6. Re1 {[%emt 0:01:30] [#]} c5 $1 {[%emt 0:00:33]} 7. b3 {[%emt 0:00:43]} (7. h3 Nc6) 7... Nc6 {[%emt 0:09:18]} 8. c3 {[%emt 0:02:09]} (8. Bb2 $11) 8... Bg4 {[%emt 0:03:06]} (8... e5 $5 9. dxe5 Ne4 $17) 9. h3 {[%emt 0:00:33]} Bxf3 {[%emt 0:00:20]} 10. Qxf3 {[%emt 0:00:18]} e5 {[%emt 0:01:02]} 11. Bb5 {[%emt 0:03:02]} cxd4 {[%emt 0:04:07]} 12. cxd4 {[%emt 0:02:20]} ({White should play} 12. exd4 exd4 13. Bxc6 bxc6 14. cxd4) 12... Qa5 $17 {[%emt 0:10:35]} 13. Qe2 {[%emt 0:00:52]} exd4 {[%emt 0:00:54] Strongly threatening ...Ne4. Black is more active.} 14. Bxc6 {[%emt 0:01:49]} bxc6 {[%emt 0:02:41]} 15. Bd2 {[%emt 0:02:10]} Qb6 $36 {[%emt 0:01:58][%mdl 2048] Hoping for ...Rae8. Black has strong initiative.} 16. exd4 {[%emt 0:01:41]} Ne4 {[%emt 0:10:08]} 17. Be3 {[%emt 0:04:36] [#]} (17. Nc3 $142) 17... Bxd4 {[%emt 0:01:51]} (17... f5 $1 $19 {[%cal Rf5f4] and Black stays clearly on top.} 18. Rd1 f4) 18. Nd2 {[%emt 0:03:25]} (18. Na3 $17 {keeps fighting.}) 18... Bxe3 $19 {[%emt 0:00:48]} 19. Nxe4 {[%emt 0:00:21]} (19. fxe3 {is a better defense.} Rfe8 20. Rac1) 19... Bd4 {[%emt 0:00:10][%cal Od4a1]} 20. Ng3 {[%emt 0:07:12]} Bxa1 {[%emt 0:01:59]} 21. Rxa1 {[%emt 0:00:03]} Rae8 {[%emt 0:02:05]} 22. Qg4 {[%emt 0:00:47]} Re6 {[%emt 0:00:21] Black is clearly winning.} 23. Rf1 {[%emt 0:06:28]} f5 {[%emt 0:02:49]} 24. Qg5 {[%emt 0:00:57]} f4 {[%emt 0:02:10]} 25. Qg4 {[%emt 0:00:18]} Re7 {[%emt 0:02:26]} 26. Nh5 {[%emt 0:10:41]} Ref7 {[%emt 0:42:24] Weighted Error Value: White=0.64/Black=0.12 (very precise) .  Mistake:       	White=5     	Black=1      Inaccurate:     	White=4     	---        OK:         	White=4     	Black=11     Best:        	---       	Black=3} 0-1

[Event "3rd Manaus Open 2024"]
[Site "Manaus"]
[Date "2024.10.12"]
[Round "1.2"]
[White "Fier, Alexandr"]
[Black "Ordozgoite, Gabriel Bento"]
[Result "1-0"]
[WhiteElo "2539"]
[BlackElo "1791"]
[Annotator "RC"]
[PlyCount "39"]
[EventDate "2024.10.05"]
[EventType "swiss"]
[EventCountry "BRA"]
[SourceTitle "playchess.com"]
[Source "ChessBase"]
[SourceQuality "1"]
[TimeControl "5400+30"]

1. e4 {[%emt 0:00:03]} c5 {[%emt 0:00:29]} 2. c3 {[%emt 0:00:04]} d5 {[%emt 0:03:45]} 3. exd5 {[%emt 0:00:16]} Qxd5 {[%emt 0:00:12]} 4. d4 {[%emt 0:00:03]} Nc6 {[%emt 0:02:18]} 5. Nf3 {[%emt 0:00:05]} Bg4 {[%emt 0:02:11]} 6. Be2 {[%emt 0:00:08]} e6 {[%emt 0:01:58]} 7. h3 {[%emt 0:00:07]} Bh5 {[%emt 0:03:25]} 8. c4 {[%emt 0:00:45]} Qd7 {[%emt 0:02:32]} 9. g4 {[%emt 0:01:56]} Bg6 {[%emt 0:00:16]} 10. d5 {[%emt 0:00:02]} exd5 {[%emt 0:03:30]} 11. cxd5 {[%emt 0:00:14]} Bxb1 {[%emt 0:04:23]} 12. Rxb1 {[%emt 0:01:41]} Nb4 {[%emt 0:07:57]} 13. Ne5 {[%emt 0:00:10]} Qxd5 {[%emt 0:03:00]} 14. Bb5+ {[%emt 0:00:05]} Ke7 {[%emt 0:00:57]} 15. O-O {[%emt 0:00:07]} Qxd1 {[%emt 0:04:38]} 16. Rxd1 {[%emt 0:00:50]} a6 {[%emt 0:06:24]} 17. Bc4 {[%emt 0:02:10]} b5 {[%emt 0:10:41]} 18. Bg5+ {[%emt 0:00:28]} f6 {[%emt 0:01:10]} 19. Rd7+ {[%emt 0:00:04]} Ke8 {[%emt 0:00:09]} 20. Bf7# {[%emt 0:00:04]} 1-0

[Event "3rd Manaus Open 2024"]
[Site "Manaus"]
[Date "2024.10.12"]
[Round "1.3"]
[White "Grosselli, Marcel Robinson"]
[Black "Quintiliano, Renato R."]
[Result "0-1"]
[WhiteElo "1789"]
[BlackElo "2513"]
[Annotator "TA"]
[PlyCount "36"]
[EventDate "2024.10.05"]
[EventType "swiss"]
[EventCountry "BRA"]
[SourceTitle "playchess.com"]
[Source "ChessBase"]
[SourceQuality "1"]
[TimeControl "5400+30"]

{[%evp 9,36,-50,-57,-61,0,0,0,-76,-68,-92,-86,-95,-90,-505,-508,-1466,-1456,-2933,-2823,-2954,-2954,-29991,-29992,-29990,-29991,-29991,-29992,-29992,-1225]} 1. b3 {[%emt 0:00:12]} d5 {[%emt 0:01:04]} 2. e3 {[%emt 0:00:29]} e5 {[%emt 0:02:34]} 3. Bb2 {[%emt 0:00:34]} Bd6 {[%emt 0:02:21]} 4. Ne2 {[%emt 0:02:17]} c5 {[%emt 0:01:26]} 5. Ng3 {[%emt 0:02:59]} Nc6 {[%emt 0:01:02]} 6. Bb5 {[%emt 0:00:49]} a6 {[%emt 0:01:58]} (6... Nge7 $15) 7. Bxc6+ $11 {[%emt 1:26:40]} bxc6 {[%emt 0:00:05]} 8. Na3 {[%emt 0:00:00]} (8. f4 $11 {keeps the balance.}) 8... Nf6 {[%emt 0:02:24]} 9. O-O {[%emt 0:00:00]} h5 {[%emt 0:01:24]} 10. Ne2 {[%emt 0:00:00]} e4 {[%emt 0:02:08][%cal Od6h2] White must now prevent ...Bxh2+! Black is more active.} 11. d3 $2 {[%emt 0:00:00][%mdl 8192] [#] White does not recover from this.} (11. f4 $17 {is tougher.}) 11... Bxh2+ $1 $19 {[%emt 0:01:49]} 12. Kh1 {[%emt 0:00:00]} (12. Kxh2 $142 Ng4+ 13. Kg1) 12... Ng4 {[%emt 0:01:00]} 13. g3 {[%emt 0:00:00] Wards off Qh4} h4 {[%emt 0:01:01]} 14. Kg2 {[%emt 0:00:00]} hxg3 {[%emt 0:01:00]} 15. Nf4 {[%emt 0:00:00]} Qh4 {[%emt 0:01:56] Black mates.} 16. dxe4 {[%emt 0:00:00]} gxf2 {[%emt 0:01:10]} 17. Qf3 {[%emt 0:00:00]} Bxf4 {[%emt 0:01:58][%csl Gf4,Gg4,Gh8][%cal Rh4h2]} 18. Rh1 {[%emt 0:00:00]} Nxe3+ {[%emt 1:13:10] Weighted Error Value: White=1.47/Black=0.04 (flawless) .  Loses game:     	White=1     	---        Mistake:       	White=2     	Black=1      Inaccurate:     	White=1     	---        OK:         	White=1     	Black=2      Best:        	White=1     	Black=1      Strong:       	---       	Black=1} 0-1

[Event "3rd Manaus Open 2024"]
[Site "Manaus"]
[Date "2024.10.12"]
[Round "1.5"]
[White "De Brito, Alison Mendes"]
[Black "Di Berardino, Diego Rafael"]
[Result "0-1"]
[WhiteElo "1762"]
[BlackElo "2479"]
[Annotator "TA"]
[PlyCount "56"]
[EventDate "2024.10.05"]
[EventType "swiss"]
[EventCountry "BRA"]
[SourceTitle "playchess.com"]
[Source "ChessBase"]
[SourceQuality "1"]
[TimeControl "5400+30"]

{[%evp 13,56,0,9,0,0,-26,-19,-15,4,12,37,28,40,15,13,-83,-62,-122,-145,-146,-159,-143,-153,-157,-153,-149,-145,-136,-141,-157,-163,-160,-148,-203,-213,-231,-240,-265,-269,-269,-248,-492,-510,-725,-407]} 1. d4 {[%emt 0:00:13]} Nf6 {[%emt 0:00:10]} 2. c4 {[%emt 0:00:33]} e6 {[%emt 0:01:17]} 3. Nc3 {[%emt 0:01:30]} Bb4 {[%emt 0:00:12]} 4. Qc2 {[%emt 0:00:33]} d6 {[%emt 0:03:00]} 5. a3 {[%emt 0:02:31]} Bxc3+ {[%emt 0:00:04]} 6. Qxc3 {[%emt 0:00:20]} O-O {[%emt 0:00:25]} 7. g3 {[%emt 0:05:55]} e5 {[%emt 0:02:18]} 8. Bg2 {[%emt 0:02:38]} Re8 {[%emt 0:03:38]} 9. d5 {[%emt 0:13:02]} c6 {[%emt 0:05:46]} 10. e4 {[%emt 0:01:15] The position is equal.} cxd5 {[%emt 0:07:20]} 11. cxd5 {[%emt 0:00:49]} b6 {[%emt 0:00:36]} 12. Ne2 {[%emt 0:00:40]} Ba6 {[%emt 0:00:13]} 13. Qf3 {[%emt 0:04:40]} Nbd7 {[%emt 0:00:21]} 14. O-O {[%emt 0:00:13]} (14. b4 $11 {remains equal.}) 14... Nc5 $17 {[%emt 0:05:51]} 15. Rd1 {[%emt 0:05:16]} (15. Qe3 $15) 15... Ncxe4 {[%emt 0:02:01]} 16. Nc3 {[%emt 0:02:19]} Nxc3 {[%emt 0:00:31]} 17. Qxc3 {[%emt 0:00:28]} Rc8 {[%emt 0:00:40] Against Qc6} 18. Qe1 {[%emt 0:02:28]} Rc2 {[%emt 0:01:32]} 19. Rd2 {[%emt 0:06:55]} Rc7 {[%emt 0:03:21][%cal Bc2c7,Bc7e7,Be7e3,Be3h3][%mdl 32] Black has more active pieces.} 20. b4 {[%emt 0:01:54]} e4 {[%emt 0:06:07]} 21. Bb2 {[%emt 0:02:55]} Ng4 {[%emt 0:00:29]} 22. Bd4 {[%emt 0:06:09]} (22. Bxe4 $2 {loses.} f5 23. Bxf5 Rxe1+ $19) 22... Rce7 {[%emt 0:05:52]} 23. h3 {[%emt 0:02:45]} (23. Rc2 $17 {was necessary.}) 23... e3 $19 {[%emt 0:03:06]} 24. fxe3 {[%emt 0:00:53]} Nxe3 {[%emt 0:00:05]} 25. Bxe3 {[%emt 0:02:55]} Rxe3 {[%emt 0:00:04]} 26. Qf2 {[%emt 0:00:12]} Qg5 {[%emt 0:00:17]} 27. g4 {[%emt 0:00:21] [#]} (27. Kh2) 27... h5 {[%emt 0:01:47]} 28. gxh5 {[%emt 0:01:15]} Rxh3 {[%emt 0:00:41] Weighted Error Value: White=0.48/Black=0.04 (flawless) .  Mistake:       	White=4     	---        Inaccurate:     	White=2     	Black=1      OK:         	White=6     	Black=10     Best:        	---       	Black=1} 0-1

[Event "3rd Manaus Open 2024"]
[Site "Manaus"]
[Date "2024.10.12"]
[Round "1.6"]
[White "Santiago, Yago De Moura"]
[Black "Da Silva, Nayron Igor Tomaz"]
[Result "1-0"]
[WhiteElo "2460"]
[BlackElo "1759"]
[Annotator "TA"]
[PlyCount "75"]
[EventDate "2024.10.05"]
[EventType "swiss"]
[EventCountry "BRA"]
[SourceTitle "playchess.com"]
[Source "ChessBase"]
[SourceQuality "1"]
[TimeControl "5400+30"]

{[%evp 9,75,8,39,34,32,22,31,21,57,16,56,51,49,39,42,43,39,57,52,64,68,69,71,68,104,104,88,97,93,93,117,114,129,86,139,140,133,122,234,229,233,189,182,187,193,176,162,127,143,123,137,142,175,183,257,251,275,276,284,280,318,316,680,626,619,626,626,604]} 1. d4 {[%emt 0:00:06]} Nf6 {[%emt 0:00:16]} 2. Nf3 {[%emt 0:00:09]} g6 {[%emt 0:00:49]} 3. Bg5 {[%emt 0:00:09]} Bg7 {[%emt 0:00:13]} 4. Nbd2 {[%emt 0:00:09]} d5 {[%emt 0:01:04]} 5. c3 {[%emt 0:00:34]} Nc6 {[%emt 0:01:22]} 6. e3 {[%emt 0:00:47]} O-O {[%emt 0:01:08]} 7. Bb5 {[%emt 0:00:28]} Bd7 {[%emt 0:07:15]} 8. O-O {[%emt 0:00:45] White is slightly better.} a6 {[%emt 0:04:19]} 9. Be2 {[%emt 0:00:25]} Re8 {[%emt 0:01:34]} 10. h3 {[%emt 0:04:39]} e5 {[%emt 0:01:42]} 11. dxe5 {[%emt 0:01:39]} Nxe5 {[%emt 0:00:12]} 12. Nxe5 {[%emt 0:00:06]} Rxe5 {[%emt 0:00:14]} 13. Nf3 {[%emt 0:00:08]} Re8 {[%emt 0:03:20]} 14. Bxf6 {[%emt 0:00:31]} Qxf6 {[%emt 0:00:37]} 15. Qxd5 {[%emt 0:00:11]} Bc6 {[%emt 0:00:29]} 16. Qb3 {[%emt 0:01:30]} b6 {[%emt 0:02:46]} 17. Nd4 {[%emt 0:01:03]} Bb7 {[%emt 0:00:16]} 18. Bf3 {[%emt 0:00:12]} Bxf3 {[%emt 0:00:48]} 19. Nxf3 {[%emt 0:00:08]} c5 {[%emt 0:01:12]} 20. Rfd1 {[%emt 0:00:45]} Rad8 {[%emt 0:00:48]} 21. a4 {[%emt 0:01:14]} Bh6 {[%emt 0:05:13]} (21... Qc6 $142) 22. Rxd8 {[%emt 0:03:19]} Rxd8 {[%emt 1:05:53]} 23. Rd1 {[%emt 1:23:03]} Re8 {[%emt 0:00:00]} (23... Rxd1+ $16 24. Qxd1 Qe6) 24. Qc4 $18 {[%emt 0:00:00]} a5 {[%emt 0:00:00]} 25. Qd5 {[%emt 0:00:00]} Bf8 {[%emt 0:00:00]} 26. Nd2 {[%emt 0:00:00][%cal Bf3d2,Bd2c4,Bc4b6,Bb6d5][%mdl 32]} Re5 {[%emt 0:00:00]} 27. Qd7 {[%emt 0:00:00]} Re7 {[%emt 0:00:00]} 28. Qg4 {[%emt 0:00:00]} h5 {[%emt 0:00:00]} 29. Qf3 {[%emt 0:00:00]} Qe6 {[%emt 0:00:00]} 30. b3 {[%emt 0:00:00]} Bg7 {[%emt 0:00:00]} 31. Nc4 {[%emt 0:00:00]} Bxc3 {[%emt 0:00:00]} (31... Be5 $142 32. Qd5 Qxd5 33. Rxd5 Bc7) 32. Rd6 {[%emt 0:00:00][%cal Bd1d6,Bd6c6,Bc6c8][%mdl 32]} Qc8 {[%emt 0:00:00]} 33. Nxb6 {[%emt 0:00:00]} Qb8 {[%emt 0:00:00] Black is weak on the light squares} 34. Rc6 {[%emt 0:00:00] [#] Rc8+ would now be deadly.} Qe5 {[%emt 0:00:00]} 35. Nd5 {[%emt 0:00:00] Prevents Rc7} Re6 {[%emt 0:00:00]} (35... Ra7 36. Rxc5 Ba1) 36. Rc8+ {[%emt 0:00:00] White is clearly winning.} Kg7 {[%emt 0:00:00]} 37. Rc7 {[%emt 0:00:00]} Rf6 {[%emt 0:00:00]} 38. Qxf6+ {[%emt 0:00:00] Weighted Error Value: White=0.12 (very precise) /Black=0.38.  Mistake:       	---       	Black=4      Inaccurate:     	White=2     	Black=3      OK:         	White=14    	Black=12     Best:        	White=1     	---} 1-0

[Event "3rd Manaus Open 2024"]
[Site "Manaus"]
[Date "2024.10.12"]
[Round "1.7"]
[White "Pereira, Armando Scharlau"]
[Black "Flom, Gabriel"]
[Result "0-1"]
[WhiteElo "1756"]
[BlackElo "2460"]
[Annotator "TA"]
[PlyCount "66"]
[EventDate "2024.10.05"]
[EventType "swiss"]
[EventCountry "BRA"]
[SourceTitle "playchess.com"]
[Source "ChessBase"]
[SourceQuality "1"]
[TimeControl "5400+30"]

{[%evp 13,66,18,8,8,17,0,3,0,0,0,41,61,59,63,138,146,156,141,171,-66,-47,-56,-64,-48,-44,-91,-93,-115,-118,-110,-112,-146,-142,-135,-137,-139,-133,-134,-138,-170,-147,-210,-226,-258,-233,-318,-334,-331,-331,-334,-338,-444,-467,-441,-438]} 1. d4 {[%emt 0:00:03]} Nf6 {[%emt 0:00:12]} 2. Nf3 {[%emt 0:00:19]} c5 {[%emt 0:00:03]} 3. e3 {[%emt 0:00:43]} d5 {[%emt 0:00:35]} 4. c3 {[%emt 0:00:23]} e6 {[%emt 0:00:46]} 5. Bd3 {[%emt 0:00:21]} Nc6 {[%emt 0:00:05]} 6. O-O {[%emt 0:00:17]} Bd6 {[%emt 0:00:11]} 7. Nbd2 {[%emt 0:00:24]} O-O {[%emt 0:00:42]} 8. b3 {[%emt 0:02:52]} Re8 {[%emt 0:07:07]} 9. Bb2 {[%emt 0:01:38]} e5 {[%emt 0:00:03]} 10. dxe5 {[%emt 0:00:20] The position is equal.} Nxe5 {[%emt 0:00:03]} 11. Nxe5 {[%emt 0:00:08]} Rxe5 {[%emt 0:00:08]} 12. c4 {[%emt 0:05:02]} d4 {[%emt 0:02:20]} 13. exd4 {[%emt 0:18:55]} Rh5 {[%emt 0:00:03] [#]} (13... cxd4 $14 14. Bxd4 Bg4) 14. g3 $1 $16 {[%emt 0:00:19]} Qd7 {[%emt 0:08:40]} 15. Qf3 {[%emt 0:11:43]} Qh3 {[%emt 0:00:21][%csl Gh5][%cal Rh3h2] [#]} 16. Qg2 {[%emt 0:01:10]} ({Only move:} 16. Qh1 $1 $18) 16... Qxg2+ $15 {[%emt 0:00:04]} 17. Kxg2 {[%emt 0:00:08]} Bh3+ {[%emt 0:00:02]} 18. Kg1 {[%emt 0:00:10]} Bxf1 {[%emt 0:00:02]} 19. Nxf1 {[%emt 0:00:20]} (19. Bxf1 $15 {should be considered.} cxd4 20. Nf3) 19... cxd4 $17 {[%emt 0:00:06]} 20. Bxd4 {[%emt 0:00:53]} Be5 {[%emt 0:00:22]} 21. Bxe5 {[%emt 0:00:32]} Rxe5 {[%emt 0:00:01]} 22. Kg2 {[%emt 0:02:46]} Rd8 {[%emt 0:00:04]} 23. Rd1 {[%emt 0:01:20][%cal Od3h7] Black must now prevent Bxh7+!} g6 {[%emt 0:00:05] Black is more active.} 24. Ne3 {[%emt 0:51:44]} Re7 {[%emt 0:00:06] ...Red7 would now be deadly.} 25. Kf1 {[%emt 0:00:00]} h5 {[%emt 0:00:20]} 26. h3 {[%emt 0:00:00]} Kg7 {[%emt 0:00:18][%cal Oh5h4]} 27. Be2 {[%emt 0:00:00]} (27. h4 $17 {was called for.}) 27... Rxd1+ $19 {[%emt 0:00:07]} 28. Bxd1 {[%emt 0:00:00][%mdl 4096] Endgame. KRN-KBN} Ne4 {[%emt 0:00:07][%cal Oe4g3]} 29. Nd5 {[%emt 0:00:00]} Nd2+ {[%emt 0:00:03]} 30. Kg2 {[%emt 0:00:00]} Re1 {[%emt 0:00:01]} 31. Bc2 {[%emt 0:00:00]} Ra1 {[%emt 0:00:06]} 32. a4 {[%emt 0:00:00]} Ra2 {[%emt 0:00:31]} 33. Ne3 {[%emt 0:00:00]} Rb2 {[%emt 0:00:16] Never resign too early!   Weighted Error Value: White=0.36/Black=0.10 (very precise) .  Missed win:     	White=1     	---        Mistake:       	White=2     	Black=1      Inaccurate:     	White=3     	Black=1      OK:         	White=11    	Black=7      Best:        	White=2     	Black=5} 0-1

[Event "3rd Manaus Open 2024"]
[Site "Manaus"]
[Date "2024.10.12"]
[Round "2"]
[White "Matsuura, Everaldo"]
[Black "Silva, Juliana Figueira The"]
[Result "1-0"]
[WhiteElo "2357"]
[BlackElo "1899"]
[Annotator "RC"]
[PlyCount "41"]
[EventDate "2024.10.05"]
[EventType "swiss"]
[EventCountry "BRA"]
[SourceTitle "playchess.com"]
[Source "ChessBase"]
[SourceQuality "1"]

1. e4 c5 2. Nf3 d6 3. d4 cxd4 4. Nxd4 Nf6 5. Nc3 a6 6. Be3 e5 7. Nb3 Be6 8. Qd2 Be7 9. O-O-O O-O 10. f4 Ng4 11. g3 b5 12. Bg1 Nd7 13. Kb1 Ngf6 14. f5 Bc4 15. g4 Nxg4 16. Qg2 Ngf6 17. Be3 Kh8 18. Rg1 Rg8 19. Bxc4 bxc4 20. Nd2 Rb8 21. Nf3 1-0

[Event "3rd Manaus Open 2024"]
[Site "Manaus"]
[Date "2024.10.12"]
[Round "2"]
[White "Perdomo, Leandro"]
[Black "Cardoso, Manuel Augusto Pinto"]
[Result "1-0"]
[WhiteElo "2356"]
[BlackElo "1872"]
[Annotator "RC"]
[PlyCount "33"]
[EventDate "2024.10.05"]
[EventType "swiss"]
[EventCountry "BRA"]
[SourceTitle "playchess.com"]
[Source "ChessBase"]
[SourceQuality "1"]

1. d4 d5 2. c4 e6 3. Nc3 Nf6 4. Bg5 Be7 5. e3 O-O 6. Nf3 c6 7. Qc2 Nbd7 8. Rd1 Re8 9. a3 b6 10. Bd3 Bb7 11. O-O h6 12. Bf4 dxc4 13. Bxc4 Nh5 14. Be5 g6 15. Bxe6 Ng7 16. Qxg6 Bf6 17. Bxf7+ 1-0